[Event "Grand Prix CCAS 2010"]
[Site "Cap d'Agde"]
[Date "2010.10.28"]
[Round "6.8"]
[White "Ansell, Simon T"]
[Black "Bogner, Sebastian"]
[Result "0-1"]
[WhiteElo "2402"]
[BlackElo "2549"]
[PlyCount "88"]
[EventDate "2010.??.??"]

1. e4 c5 2. d3 Nc6 3. f4 d5 4. Be2 g6 5. Nf3 Bg7 6. O-O e6 7. Qe1 Nf6 8. e5 Nd7
9. c3 O-O 10. Na3 f6 11. exf6 Nxf6 12. Bd1 Bd7 13. Ne5 Qe7 14. Bd2 Be8 15. Qh4
Qc7 16. Qh3 Nd8 17. Bf3 Qb6 18. Rab1 Nf7 19. c4 Rd8 20. Nxf7 Rxf7 21. Bc3 d4
22. Bd2 Bd7 23. Qh4 Qa6 24. Rbe1 Re8 25. g4 Kh8 26. Qg3 Qb6 27. Bc1 Qc7 28. Qg2
b6 29. Kh1 a6 30. Re2 Bf8 31. Rfe1 Bd6 {#} 32. f5 gxf5 33. gxf5 Rg8 34. fxe6
Rxg2 35. Rxg2 Bxe6 36. Rxe6 Qd7 37. Re1 Qh3 38. Bc6 Ng4 39. Bd5 Nxh2 40. Kg1
Rf8 41. Bg5 Ng4 42. Be6 Bh2+ 43. Kh1 Bg3+ 44. Kg1 Bf2+ 0-1

[Event "Grand Prix CCAS 2010"]
[Site "Cap d'Agde"]
[Date "2010.10.28"]
[Round "6.9"]
[White "Hebden, Mark L"]
[Black "Chomet, Pascal"]
[Result "1-0"]
[WhiteElo "2556"]
[BlackElo "2333"]
[PlyCount "113"]
[EventDate "2010.??.??"]

1. d4 g6 2. e4 Bg7 3. Nf3 d6 4. Bc4 e6 5. O-O Ne7 6. Nbd2 O-O 7. c3 b6 8. Re1
Bb7 9. Bb3 h6 10. Nf1 Nd7 11. Ng3 c5 12. h4 cxd4 13. cxd4 Nf6 {#} 14. h5 Nxh5
15. Nxh5 gxh5 16. Nh2 Ng6 17. Qxh5 Qh4 18. Qd1 Rac8 19. Qd3 Rc7 20. Bd2 Rfc8
21. g3 Qh3 22. Re3 Qh5 23. Bd1 Qg5 24. Re1 Qf6 25. Be3 Ne7 26. Bh5 Kf8 27. f3
Rc2 28. Re2 Rxe2 29. Qxe2 Ng8 30. Ng4 Qe7 31. Qd2 Nf6 32. Nxf6 Qxf6 33. Rc1
Rxc1+ 34. Qxc1 Qd8 35. Bxh6 Kg8 36. Bxg7 Kxg7 37. Qf4 Qc7 38. e5 dxe5 39. Qxe5+
Qxe5 40. dxe5 f6 41. exf6+ Kxf6 42. Kf2 Bd5 43. a3 Kf5 44. Ke3 Kg5 45. Bf7 Kf6
46. Be8 e5 47. Bd7 Kg5 48. b4 Kf6 49. f4 a5 50. g4 axb4 51. axb4 Ke7 52. Bc8
exf4+ 53. Kxf4 Kd6 54. Kf5 Bc4 55. g5 Kc6 56. Kf6 Kb5 57. g6 1-0

[Event "Grand Prix CCAS 2010"]
[Site "Cap d'Agde"]
[Date "2010.10.28"]
[Round "6.10"]
[White "Guadalpi, David"]
[Black "Bruno, Fabio"]
[Result "1-0"]
[WhiteElo "2315"]
[BlackElo "2477"]
[PlyCount "141"]
[EventDate "2010.??.??"]

1. d4 d5 2. c4 c6 3. Nf3 e6 4. e3 Nf6 5. Bd3 dxc4 6. Bxc4 a6 7. O-O Nbd7 8. a4
Bd6 9. Qe2 O-O 10. Nc3 Qe7 11. e4 e5 12. d5 c5 13. a5 Nh5 14. g3 Ndf6 15. Nh4
Bg4 16. f3 Bh3 17. Re1 Nd7 18. Qf2 b5 19. axb6 Nxb6 20. b3 Bd7 21. Bd2 Nxc4 22.
bxc4 Rfb8 23. Ng2 Rb4 24. Ne3 g6 25. Reb1 f5 26. Nc2 Rf8 27. Qe2 Rxb1+ 28. Rxb1
Rb8 29. Qd1 Qd8 30. Rxb8 Qxb8 31. Qb1 Qxb1+ 32. Nxb1 fxe4 33. fxe4 Ba4 34. Ne3
Nf6 35. Nc3 Bb3 36. Kf2 Bc7 37. Ke2 Ba5 38. Kd3 Bb4 39. Nb1 Ba2 40. Nc3 Bb3 41.
Bc1 Kf7 42. Bb2 Ke7 43. Ne2 Kd6 44. Ng1 h5 45. Nf3 Nd7 46. g4 Ba2 47. gxh5 Bb1+
48. Ke2 gxh5 49. Nf5+ Kc7 50. Ke3 Ba2 51. Nxe5 Nxe5 52. Bxe5+ Kd7 53. Kd3 Bb1+
54. Ke3 Ba2 55. Nd6 Ba5 56. Bf4 Bc7 57. Nf7 Bxc4 58. Bxc7 Kxc7 59. d6+ Kc6 60.
Ne5+ Kxd6 61. Nxc4+ Kc6 62. Kd3 Kb5 63. Kc3 a5 64. Na3+ Kc6 65. Kd3 a4 66. Ke3
Kd6 67. Kf4 Ke6 68. Nc4 h4 69. h3 Kf6 70. e5+ Ke6 71. Ke4 1-0

[Event "Grand Prix CCAS 2010"]
[Site "Cap d'Agde"]
[Date "2010.10.29"]
[Round "7.1"]
[White "Palac, Mladen"]
[Black "Petrossian, Armen"]
[Result "1-0"]
[WhiteElo "2561"]
[BlackElo "2442"]
[PlyCount "79"]
[EventDate "2010.??.??"]

1. e4 e5 2. Nf3 Nc6 3. Bb5 Nf6 4. d3 Bc5 5. c3 d6 6. d4 exd4 7. cxd4 Bb4+ 8.
Bd2 Bxd2+ 9. Nbxd2 O-O 10. Bxc6 bxc6 11. O-O a5 12. Qc2 Bd7 13. Rfe1 h6 14. h3
Nh7 15. Re3 Ng5 16. Rae1 Nxf3+ 17. Nxf3 Rb8 18. Ra3 Rb5 19. Re2 Qf6 20. Qc3 Qf4
{#} 21. Rxa5 Rxa5 22. Qxa5 Bxh3 23. Re3 Bg4 24. Nh2 Be6 25. Qxc7 Ra8 26. a3 Ra4
27. Qd8+ Kh7 28. g3 Qf6 29. Qxf6 gxf6 30. b4 c5 31. dxc5 dxc5 32. bxc5 Rc4 33.
Nf3 Rxc5 34. Nd4 Bc8 35. Nf5 Bb7 36. g4 Kg6 37. Kg2 h5 38. Kg3 Rc1 39. gxh5+
Kxh5 40. Kf4 1-0

[Event "Grand Prix CCAS 2010"]
[Site "Cap d'Agde"]
[Date "2010.10.29"]
[Round "7.3"]
[White "Inkiov, Ventzislav"]
[Black "Tregubov, Pavel V"]
[Result "1/2-1/2"]
[WhiteElo "2485"]
[BlackElo "2598"]
[PlyCount "172"]
[EventDate "2010.??.??"]

1. e4 c5 2. Nf3 Nc6 3. d4 cxd4 4. Nxd4 g6 5. Nc3 Bg7 6. Be3 Nf6 7. Be2 O-O 8.
O-O d5 9. exd5 Nb4 10. d6 Qxd6 11. Ncb5 Qb8 12. c4 a6 13. Nc3 e5 14. Nf3 Bf5
15. Bb6 Nd7 16. Nh4 Be6 17. Be3 Rd8 18. Qc1 Qd6 19. Bh6 Nc5 20. Bxg7 Kxg7 21.
Nf3 Ncd3 22. Bxd3 Nxd3 23. Qe3 f5 24. Rad1 e4 25. c5 Qe7 26. Nd4 Bc4 27. b3 Qf6
28. Nde2 Bf7 29. f3 exf3 30. Rxf3 Ne5 31. Rff1 Ng4 32. Qf4 Qe5 33. h3 Qxc5+ 34.
Nd4 Nf6 35. Qe3 Rac8 36. Na4 Qc7 37. Qg5 Rxd4 38. Rxd4 b5 39. Rxf5 {#} Qc1+ 40.
Qxc1 Rxc1+ 41. Rf1 Rxf1+ 42. Kxf1 bxa4 43. Rxa4 Be8 44. Ra5 Bb5+ 45. Ke1 h5 46.
a4 Bc6 47. Rxa6 Bxg2 48. Ra7+ Kh6 49. h4 Ng4 50. Ra5 Kg7 51. b4 Kf6 52. b5 g5
53. b6 gxh4 54. Rxh5 Ne5 55. a5 Bb7 56. Rh7 Nf7 57. Rxh4 Ke6 58. Rh7 Ba6 59.
Rg7 Nd6 60. Ra7 Bc8 61. Kd1 Kd5 62. Rc7 Ba6 63. Kc2 Nb7 64. Kc3 Nxa5 65. Ra7
Kc5 66. Rxa6 Nb7 67. Ra1 Kxb6 68. Kd4 Kc6 69. Rh1 Nd6 70. Rh6 Kd7 71. Kd5 Nf7
72. Rg6 Ke7 73. Ra6 Ng5 74. Rc6 Nf7 75. Rg6 Kd7 76. Re6 Ng5 77. Re1 Nf7 78. Re3
Ng5 79. Ke5 Nf7+ 80. Kf6 Nd6 81. Rd3 Kc6 82. Ke6 Nc4 83. Rd5 Nb6 84. Rd1 Nc4
85. Rc1 Kc5 86. Rxc4+ Kxc4 1/2-1/2

[Event "Grand Prix CCAS 2010"]
[Site "Cap d'Agde"]
[Date "2010.10.29"]
[Round "7.4"]
[White "David, Vincent"]
[Black "Hebden, Mark L"]
[Result "0-1"]
[WhiteElo "2421"]
[BlackElo "2556"]
[PlyCount "88"]
[EventDate "2010.??.??"]

1. d4 Nf6 2. c4 g6 3. Nf3 Bg7 4. g3 O-O 5. Bg2 d6 6. O-O Nc6 7. Nc3 Rb8 8. d5
Na5 9. Nd2 Nd7 10. Qc2 Ne5 11. b3 c6 12. Bb2 b5 13. cxb5 cxb5 14. h3 b4 15. Nd1
Qb6 16. Kh2 Ba6 17. f4 Rbc8 18. Qb1 Nd7 19. Bxg7 Kxg7 20. Qb2+ Kg8 21. Nf3 Nf6
22. Nd4 Rc5 23. Ne3 Rc3 24. Qd2 {#} Bxe2 25. Rf2 Ba6 26. Nec2 Bd3 27. Rf3 Be4
28. Rxc3 bxc3 29. Qe2 Bxg2 30. Qxg2 Qb7 31. Ne3 Rc8 32. Rd1 Rc5 33. Ndc2 Rc7
34. Qe2 Qc8 35. Rd4 Nb7 36. Nc4 Nc5 37. Qe1 Qb7 38. N2e3 Qa6 39. Qb1 Ncd7 40.
Qc2 Nb6 41. Qxc3 Qxa2+ 42. Rd2 Qb1 43. Qd4 Qxb3 44. Na5 Qc3 0-1

[Event "Grand Prix CCAS 2010"]
[Site "Cap d'Agde"]
[Date "2010.10.29"]
[Round "7.5"]
[White "Bogner, Sebastian"]
[Black "Guadalpi, David"]
[Result "1/2-1/2"]
[WhiteElo "2549"]
[BlackElo "2315"]
[PlyCount "87"]
[EventDate "2010.??.??"]

1. d4 d5 2. c4 c6 3. Nc3 Nf6 4. e3 e6 5. Nf3 a6 6. b3 Bb4 7. Bd2 O-O 8. Bd3
Nbd7 9. O-O Qe7 10. Qc2 Re8 11. e4 dxc4 12. Bxc4 b5 13. Bd3 e5 14. Ne2 Bxd2 15.
Qxd2 exd4 16. Nexd4 Ne5 17. Nxe5 Qxe5 18. Nf3 Qh5 19. Qf4 Bg4 20. Rac1 Rad8 21.
Bb1 Bxf3 22. Qxf3 Qxf3 23. gxf3 Re6 24. b4 Kf8 25. Rfe1 Rd2 26. f4 g6 27. e5
Nd5 28. f5 gxf5 29. Bxf5 Rh6 30. a3 Rh5 31. Bc8 Nf4 32. Rcd1 Rxe5 33. h4 Rxe1+
34. Rxe1 Rd3 35. Ra1 Ne2+ 36. Kg2 Nd4 37. Ra2 Rc3 38. Bxa6 Nc2 39. Bb7 Nxa3 40.
Bxc6 Rxc6 41. Rxa3 Rc4 42. Kg3 Rxb4 43. Ra6 Kg7 44. Rb6 1/2-1/2

[Event "Grand Prix CCAS 2010"]
[Site "Cap d'Agde"]
[Date "2010.10.29"]
[Round "7.7"]
[White "Prie, Eric"]
[Black "Benitah, Yohan"]
[Result "1/2-1/2"]
[WhiteElo "2526"]
[BlackElo "2392"]
[PlyCount "42"]
[EventDate "2010.??.??"]

1. d4 d5 2. Nf3 Nf6 3. Bg5 Ne4 4. Bh4 c5 5. e3 Qb6 6. Nc3 e6 7. Nxe4 dxe4 8.
dxc5 Bxc5 9. Nd2 Qxb2 10. Rb1 Qe5 11. Nxe4 O-O 12. Bd3 f5 13. Nxc5 Qxc5 14. O-O
a6 15. e4 f4 16. e5 Qxe5 {#} 17. Be7 Rf7 18. Re1 Qa5 19. Bd8 Qc5 20. Bb6 Qg5
21. Be4 Nd7 1/2-1/2

[Event "Grand Prix CCAS 2010"]
[Site "Cap d'Agde"]
[Date "2010.10.29"]
[Round "7.8"]
[White "Karim, Ismael"]
[Black "Libiszewski, Fabien"]
[Result "1/2-1/2"]
[WhiteElo "2360"]
[BlackElo "2498"]
[PlyCount "20"]
[EventDate "2010.??.??"]

1. e4 e5 2. Nf3 Nc6 3. Bc4 Nf6 4. d3 Be7 5. O-O O-O 6. Bb3 d6 7. c3 Na5 8. Bc2
c5 9. Nbd2 Re8 10. a3 Nc6 1/2-1/2

[Event "Grand Prix CCAS 2010"]
[Site "Cap d'Agde"]
[Date "2010.10.29"]
[Round "7.9"]
[White "Delorme, Axel"]
[Black "Van Elst, Andreas"]
[Result "1-0"]
[WhiteElo "2475"]
[BlackElo "2276"]
[PlyCount "39"]
[EventDate "2010.??.??"]

1. d4 Nf6 2. g3 g6 3. Bg2 Bg7 4. e4 d6 5. Nc3 O-O 6. Nge2 Nbd7 7. h3 e5 8. Be3
exd4 9. Bxd4 Nb6 10. O-O Bd7 11. a4 c5 12. Be3 Bc6 13. Qd3 Re8 14. a5 Nc8 15.
Nf4 b5 16. axb6 Qxb6 17. Ra6 Qb7 18. Rxc6 Nd7 19. Qb5 Ndb6 {#} 20. Rc7 1-0

[Event "Grand Prix CCAS 2010"]
[Site "Cap d'Agde"]
[Date "2010.10.29"]
[Round "7.10"]
[White "Hamdouchi, Hicham"]
[Black "Renaze, Luc"]
[Result "1-0"]
[WhiteElo "2592"]
[BlackElo "2286"]
[PlyCount "45"]
[EventDate "2010.??.??"]

1. e4 e5 2. Nf3 Nc6 3. Bb5 a6 4. Ba4 Nf6 5. O-O Be7 6. Re1 b5 7. Bb3 d6 8. c3
O-O 9. h3 Na5 10. Bc2 d5 11. d4 Nxe4 12. Nxe5 f6 13. Nd3 Bd6 14. Nd2 Re8 15.
Nf1 c6 16. Bf4 {#} Bf5 $4 17. f3 $18 Bg6 18. fxe4 dxe4 19. Bxd6 exd3 20. Rxe8+
Bxe8 21. Qxd3 Bg6 22. Qg3 Bxc2 23. Bc7 1-0

[Event "Tournoi du Cavalier 2010"]
[Site "Cap d'Agde"]
[Date "2010.10.23"]
[Round "1"]
[White "Guerlach, F."]
[Black "Durand, S."]
[Result "1/2-1/2"]
[WhiteElo "2042"]
[BlackElo "1860"]
[PlyCount "149"]
[EventDate "2010.10.24"]
[SourceDate "2010.10.24"]

1. Nf3 c5 2. c4 e6 3. e4 Nc6 4. Nc3 Nf6 5. a3 b6 6. d4 cxd4 7. Nxd4 Nxd4 8.
Qxd4 Bc5 9. Qd3 Ng4 10. Nd1 Bb7 11. Be2 Nf6 12. Bf3 e5 13. Bg5 h6 14. Bh4 g5
15. Bg3 g4 16. Bxg4 Nxg4 17. f3 Nf6 18. Bxe5 Rg8 19. g4 Qe7 20. Qc3 Rg6 21. b4
Bd6 22. Bxd6 Qxd6 23. Ne3 Qe6 24. O-O-O O-O-O 25. Nf5 Ne8 26. Rd4 Qf6 27. e5
Qxe5 28. Re1 Qxh2 29. Ne7+ Kb8 30. Nxg6 fxg6 31. f4 Nc7 32. Qd2 Qg3 33. f5
Qxa3+ 34. Qb2 Qg3 35. Qd2 Qa3+ 36. Kb1 Qb3+ 37. Kc1 Na6 38. Re3 Qa4 39. Kb2
Qxb4+ 40. Qxb4 Nxb4 41. fxg6 Kc7 42. Rh3 Nc6 43. Re4 Rg8 44. Rxh6 Nd8 45. Re7
Ne6 46. Rhh7 Nf8 47. Rhf7 Bc6 48. g7 Ng6 49. Re3 Kd8 50. g5 b5 51. Kc3 bxc4 52.
Kxc4 d6 53. Rxa7 Ne5+ 54. Kb4 Nd7 55. Rc3 Bd5 56. Rd3 Be4 57. Rh3 Ke7 58. Re3
d5 59. Kb5 Rxg7 60. Rg3 Ke6 61. Kb4 Ke5 62. Kc3 Bf5 63. Rg1 Rg6 64. Re1+ Kd6
65. Rg1 Kc6 66. Kd4 Be4 67. Rc1+ Kd6 68. Ra6+ Ke7 69. Rxg6 Bxg6 70. Kxd5 Bf5
71. Rf1 Bg6 72. Rf2 Bh7 73. Rf1 Bg6 74. Rf2 Bh7 75. Rf1 1/2-1/2

[Event "Tournoi du Cavalier 2010"]
[Site "Cap d'Agde"]
[Date "2010.10.23"]
[Round "1"]
[White "Mariat"]
[Black "Savoya, A."]
[Result "1/2-1/2"]
[WhiteElo "1860"]
[BlackElo "2041"]
[PlyCount "34"]
[EventDate "2010.10.24"]
[SourceDate "2010.10.24"]

1. c4 Nf6 2. Nc3 e5 3. Nf3 Nc6 4. g3 Bb4 5. Nd5 Bc5 6. Bg2 O-O 7. O-O d6 8. d3
h6 9. Be3 Bxe3 10. fxe3 Be6 11. Nxf6+ gxf6 12. Nh4 Kg7 13. e4 Ne7 14. e3 Qd7
15. Qf3 Ng8 16. Rf2 Bg4 17. Nf5+ Qxf5 1/2-1/2

[Event "Tournoi du Cavalier 2010"]
[Site "Cap d'Agde"]
[Date "2010.10.23"]
[Round "1"]
[White "Blot, D."]
[Black "Zerbib, C."]
[Result "*"]
[WhiteElo "2040"]
[BlackElo "1860"]
[PlyCount "83"]
[EventDate "2010.10.24"]
[SourceDate "2010.10.24"]

1. e4 d6 2. d4 Nf6 3. Nc3 Nbd7 4. Nf3 e5 5. Bc4 Be7 6. O-O O-O 7. Re1 c6 8. a4
a5 9. b3 Qc7 10. Bd3 exd4 11. Nxd4 Ne5 12. Nce2 d5 13. exd5 Nxd3 14. Qxd3 Nxd5
15. Ng3 Nb4 16. Qe4 Bf6 17. Nh5 Qd6 18. Nxf6+ Qxf6 19. c3 Bd7 20. Bf4 Nd5 21.
Be5 Qh6 22. Qf3 Rfe8 23. Bg3 Qd2 24. Rec1 Nxc3 25. h3 Ne2+ 26. Nxe2 Qxe2 27.
Qc3 Qh5 28. Bc7 Re2 29. Re1 Rxe1+ 30. Rxe1 Be6 31. Re3 Qd5 32. Rf3 g6 33. Bf4
c5 34. Be5 c4 35. Bh8 Kf8 36. Qg7+ Ke7 37. bxc4 Qd1+ 38. Kh2 Rxh8 39. Qxh8 Qxa4
40. Rd3 Bxc4 41. Qd8+ Ke6 42. Rd6+ *

[Event "Tournoi du Cavalier 2010"]
[Site "Cap d'Agde"]
[Date "2010.10.23"]
[Round "1"]
[White "Miguel, A."]
[Black "Duarte, R."]
[Result "0-1"]
[WhiteElo "1856"]
[BlackElo "2033"]
[PlyCount "106"]
[EventDate "2010.10.24"]
[SourceDate "2010.10.24"]

1. d4 Nf6 2. c4 e6 3. Nc3 d5 4. e3 Be7 5. Nf3 O-O 6. Bd3 b6 7. O-O Bb7 8. cxd5
exd5 9. Ne5 Ne4 10. Qc2 Nf6 11. f4 c5 12. Rf3 Nc6 13. Rh3 h6 14. Ne2 Nb4 15.
Qd1 Nxd3 16. Qxd3 c4 17. Qc2 Bc8 18. Rf3 b5 19. a3 Qe8 20. Bd2 Ne4 21. f5 Bd6
22. Bb4 f6 23. Ng6 Rf7 24. Bxd6 Nxd6 25. g4 a5 26. Nef4 Qc6 27. Rh3 Ne4 28. Qg2
b4 29. Rh5 Bd7 30. Rf1 Re8 31. Qh3 Nd2 32. Rc1 c3 33. bxc3 b3 34. Nd3 Qc4 35.
Ngf4 Rfe7 36. Nb2 Rxe3 37. Nxc4 Rxh3 38. Nxd2 Rxh5 39. gxh5 a4 40. Kf2 Bxf5 41.
Nxd5 Kh7 42. Re1 Rb8 43. Nb4 b2 44. c4 g6 45. hxg6+ Kxg6 46. Rg1+ Kf7 47. Nb1
Bxb1 48. Rxb1 Rxb4 49. c5 Rb3 50. d5 Ke7 51. Kg2 Kd7 52. Kf2 Rxa3 53. Rxb2 Rb3
0-1

[Event "Tournoi du Cavalier 2010"]
[Site "Cap d'Agde"]
[Date "2010.10.23"]
[Round "1"]
[White "Fournier, C."]
[Black "Emond"]
[Result "1/2-1/2"]
[WhiteElo "2021"]
[BlackElo "1850"]
[PlyCount "122"]
[EventDate "2010.10.24"]
[SourceDate "2010.10.24"]

1. d4 d5 2. Nf3 Bf5 3. c4 c6 4. Nc3 Nf6 5. Qb3 b6 6. Ne5 e6 7. f3 Qc7 8. Bf4
Bd6 9. g4 Bg6 10. cxd5 exd5 11. Rc1 Bxe5 12. Bxe5 Qb7 13. g5 Nh5 14. Nb5 O-O
15. Nc7 f6 16. gxf6 gxf6 17. Nxa8 fxe5 18. Nxb6 axb6 19. dxe5 Nd7 20. e6 Ne5
21. Qe3 Nc4 22. Qc3 Re8 23. b3 Na5 24. Qe3 Qc7 25. Rg1 Nf4 26. Rg4 Nxe6 27. Bh3
Ng7 28. Qd4 Qxh2 29. Bg2 Qe5 30. Qxe5 Rxe5 31. Kf2 c5 32. f4 Rf5 33. Rd1 d4 34.
b4 Nc4 35. Be4 Rf6 36. Bd5+ Bf7 37. Bxc4 Bxc4 38. bxc5 bxc5 39. Rdg1 Rg6 40.
Rxg6 hxg6 41. Rc1 Bxa2 42. Rxc5 Ne6 43. Ra5 Bb1 44. Kf3 Kf7 45. Rb5 Bf5 46. e4
dxe3 47. Kxe3 Kg7 48. Rb2 Nc5 49. Kd4 Ne4 50. Ke5 Ng3 51. Rb7+ Kh6 52. Rb3 Ne2
53. Rb2 Ng1 54. Rf2 Kh5 55. Rh2+ Nh3 56. Ra2 Kg4 57. Ra4 Nf2 58. Kf6 Nd3 59.
Ra1 Nxf4 60. Rg1+ Kh5 61. Rg5+ Kh6 1/2-1/2

[Event "Tournoi du Cavalier 2010"]
[Site "Cap d'Agde"]
[Date "2010.10.24"]
[Round "2"]
[White "Derieux, C."]
[Black "Bach, A."]
[Result "0-1"]
[WhiteElo "2018"]
[BlackElo "1889"]
[PlyCount "90"]
[EventDate "2010.10.24"]
[SourceDate "2010.10.25"]

1. d4 Nf6 2. c4 e6 3. Nc3 Bb4 4. e3 b6 5. Bd3 Bb7 6. Nge2 Bxg2 7. Rg1 Be4 8. a3
Bxc3+ 9. Nxc3 Bxd3 10. Qxd3 Rg8 11. e4 d6 12. Bg5 h6 13. Bh4 g5 14. Bg3 Nh5 15.
O-O-O Nxg3 16. Rxg3 Nc6 17. e5 dxe5 18. Qh7 Rg6 19. dxe5 Qe7 20. Rgd3 Qf8 21.
Nb5 Rc8 22. Rd7 Qg8 23. Qxg8+ Rxg8 24. Nxc7+ Kf8 25. Nb5 Nxe5 26. Rxa7 Rxc4+
27. Kb1 Kg7 28. Re1 Nc6 29. Rxf7+ Kxf7 30. Nd6+ Ke7 31. Nxc4 Rf8 32. Nxb6 Rxf2
33. Rc1 Nd4 34. a4 Rxh2 35. a5 Nb5 36. Rc5 g4 37. Nc4 g3 38. Ne5 g2 39. Nf3
Rh1+ 40. Ka2 Rf1 41. Rxb5 Rxf3 42. Rb7+ Kf6 43. a6 g1=Q 44. a7 Rf1 45. a8=Q
Ra1+ 0-1

[Event "Tournoi du Cavalier 2010"]
[Site "Cap d'Agde"]
[Date "2010.10.24"]
[Round "2"]
[White "Dussart, P."]
[Black "Redon, P."]
[Result "0-1"]
[WhiteElo "1890"]
[BlackElo "2019"]
[PlyCount "110"]
[EventDate "2010.10.24"]
[SourceDate "2010.10.25"]

1. e4 d5 2. exd5 Nf6 3. Bb5+ Bd7 4. Bc4 Bg4 5. f3 Bf5 6. Nc3 Nbd7 7. Nge2 Nb6
8. Bb5+ Bd7 9. d4 Bxb5 10. Nxb5 Qd7 11. Qd3 a6 12. Nbc3 Nfxd5 13. Nxd5 Qxd5 14.
b3 e6 15. Bd2 Be7 16. c4 Qd7 17. Rd1 O-O 18. O-O Rad8 19. Be3 c5 20. Qc2 cxd4
21. Bxd4 Qc6 22. Qe4 Qxe4 23. fxe4 Nd7 24. Ng3 Nb8 25. Bb6 Rd7 26. e5 f5 27.
exf6 gxf6 28. Rfe1 Kf7 29. Ne4 Rc8 30. Ba7 Rcd8 31. Rxd7 Nxd7 32. Rd1 f5 33.
Nd6+ Bxd6 34. Rxd6 Ke7 35. c5 Ne5 36. Rxd8 Kxd8 37. Bb8 Nd3 38. Bd6 Kd7 39. a3
b6 40. b4 bxc5 41. bxc5 Kc6 42. Kf1 Nxc5 43. Bf8 Kd5 44. Ke2 Nd7 45. Bg7 Kc4
46. Bb2 Nc5 47. Bf6 Nd7 48. Be7 e5 49. Ke3 Nb6 50. Bf8 Nd5+ 51. Kf2 Kd3 52. g3
e4 53. Ke1 h5 54. Bd6 Ne3 55. a4 Nc2+ 0-1

[Event "Tournoi du Cavalier 2010"]
[Site "Cap d'Agde"]
[Date "2010.10.24"]
[Round "2"]
[White "Delacroix"]
[Black "Cazottes, G."]
[Result "1-0"]
[WhiteElo "2020"]
[BlackElo "1893"]
[PlyCount "133"]
[EventDate "2010.10.24"]
[SourceDate "2010.10.25"]

1. e4 c5 2. d4 cxd4 3. c3 Nf6 4. e5 Nd5 5. cxd4 Nc6 6. Bc4 Nb6 7. Bb3 e6 8. Nf3
d6 9. O-O Be7 10. Qe2 O-O 11. Nc3 d5 12. Rd1 f5 13. exf6 Bxf6 14. a3 a6 15. Qd3
g6 16. Bh6 Bg7 17. Bxg7 Kxg7 18. Rd2 Qf6 19. Re1 Bd7 20. Ne5 Nxe5 21. dxe5 Qf4
22. g3 Qg5 23. Qd4 Bc6 24. h4 Qd8 25. h5 Nc4 26. h6+ Kg8 27. Bxc4 dxc4 28. Qd6
Qxd6 29. Rxd6 Kf7 30. Ne4 Ke7 31. Nc5 Rf5 32. Rxe6+ Kf7 33. Rd6 Rh5 34. f4 Rxh6
35. Ne4 Re8 36. Rf6+ Kg7 37. Nd6 Re7 38. Re2 Rh1+ 39. Kf2 Rh2+ 40. Ke3 Rh3 41.
Kf2 Rh2+ 42. Ke1 Rh1+ 43. Kd2 Bd5 44. Re3 Rh2+ 45. Kc3 Be6 46. a4 Rg2 47. a5 h5
48. Ne4 Bf5 49. Nd2 Be6 50. Nb1 Bf5 51. Na3 Bd3 52. Rd6 Kf7 53. b3 Ra2 54. Kb4
Rb2 55. Nxc4 Bxc4 56. Kxc4 Rc7+ 57. Kb4 Rbc2 58. Red3 Rg2 59. Rd7+ Rxd7 60.
Rxd7+ Kf8 61. Rd3 Rc2 62. Rc3 Rf2 63. Kc5 h4 64. gxh4 Rxf4 65. Rc4 Rf3 66. b4
Ke7 67. Kb6 1-0

[Event "Tournoi du Cavalier 2010"]
[Site "Cap d'Agde"]
[Date "2010.10.24"]
[Round "2"]
[White "Quarte, E."]
[Black "Molina, P."]
[Result "1-0"]
[WhiteElo "2033"]
[BlackElo "1899"]
[PlyCount "64"]
[EventDate "2010.10.24"]
[SourceDate "2010.10.25"]

1. d4 Nf6 2. c4 e6 3. Nf3 d5 4. Nc3 c6 5. e3 Bd6 6. Qc2 Nbd7 7. e4 dxe4 8. Nxe4
Nxe4 9. Qxe4 Nf6 10. Qc2 Qc7 11. c5 Bf4 12. Bc4 b5 13. Bd3 Nd5 14. O-O Bxc1 15.
Rfxc1 Nb4 16. Qe2 Nxd3 17. Qxd3 a5 18. Re1 b4 19. Ng5 Ba6 20. Qc2 O-O-O 21.
Rad1 Rd5 22. Ne4 Kb8 23. Nd6 Ka7 24. Re5 h5 25. Qe4 h4 26. Rxd5 cxd5 27. Qe5
Ka8 28. Qxg7 Qb8 29. Qxf7 Rg8 30. Qxe6 Qd8 31. Qxd5+ Ka7 32. Re1 Bc4 1-0

[Event "Tournoi du Cavalier 2010"]
[Site "Cap d'Agde"]
[Date "2010.10.24"]
[Round "2"]
[White "Vigneron, J."]
[Black "Blot, D."]
[Result "1/2-1/2"]
[WhiteElo "1901"]
[BlackElo "2040"]
[PlyCount "69"]
[EventDate "2010.10.24"]
[SourceDate "2010.10.25"]

1. d4 Nf6 2. Bf4 g6 3. e3 Bg7 4. Nf3 O-O 5. Be2 d5 6. h3 c5 7. c3 Nc6 8. O-O
Re8 9. Nbd2 Nd7 10. Bh2 e5 11. Nxe5 Ndxe5 12. dxe5 Nxe5 13. Nf3 Bf5 14. Nxe5
Bxe5 15. Bg4 Qd7 16. Bxf5 Qxf5 17. Qb1 Bxh2+ 18. Kxh2 Qe5+ 19. Kg1 Re6 20. Qd3
Rd8 21. b4 cxb4 22. cxb4 d4 23. exd4 Rxd4 24. Qc3 Rc6 25. Qb2 Qd6 26. a3 Rd2
27. Qb3 Qf6 28. Rad1 Rcc2 29. Rxd2 Rxd2 30. Qe3 Rd4 31. Qe8+ Kg7 32. Qb8 Qb6
33. Qe5+ Qf6 34. Qb8 Qb6 35. Qe5+ 1/2-1/2

[Event "Tournoi du Cavalier 2010"]
[Site "Cap d'Agde"]
[Date "2010.10.26"]
[Round "4.1"]
[White "Bouthier, Jacques"]
[Black "Hauseux, Philippe"]
[Result "1/2-1/2"]
[WhiteElo "1930"]
[BlackElo "1974"]
[PlyCount "83"]
[EventDate "2010.??.??"]

1. e4 d5 2. exd5 Qxd5 3. Nc3 Qd8 4. Nf3 Bg4 5. Bc4 e6 6. d4 c6 7. Be3 Nf6 8. h3
Bxf3 9. Qxf3 Be7 10. O-O O-O 11. Rad1 Nbd7 12. Rfe1 Nb6 13. Bd3 Bb4 14. Bg5 Be7
15. Ne2 Qd5 16. Qxd5 Nfxd5 17. Bxe7 Nxe7 18. Ng3 Rfd8 19. c3 Ned5 20. Ne4 Rab8
21. g3 Nd7 22. Ng5 h6 23. Nf3 N5b6 24. Bc2 Nf6 25. Ne5 Rd6 26. c4 Rdd8 27. a4
Nfd7 28. b3 Nxe5 29. dxe5 a5 30. f4 Kf8 31. Kf2 Ke7 32. Ke3 Na8 33. Rxd8 Rxd8
34. Rd1 Rxd1 35. Bxd1 b6 36. Bf3 Kd7 37. Kd4 c5+ 38. Kd3 Nc7 39. Bb7 Ke7 40.
Ke4 Kd7 41. Kd3 Ne8 42. h4 1/2-1/2

[Event "Tournoi du Cavalier 2010"]
[Site "Cap d'Agde"]
[Date "2010.10.26"]
[Round "4.3"]
[White "Lask, Alexis"]
[Black "Nobili, Denis"]
[Result "1/2-1/2"]
[WhiteElo "1920"]
[BlackElo "1969"]
[PlyCount "40"]
[EventDate "2010.??.??"]

1. d4 d5 2. c4 c6 3. Nf3 Nf6 4. Nc3 dxc4 5. a4 Bf5 6. e3 e6 7. Bxc4 Bb4 8. Qb3
Qe7 9. O-O O-O 10. Bd2 a5 11. Rfe1 Bg6 12. Ne5 Nbd7 13. Nxg6 hxg6 14. e4 e5 15.
d5 Nb6 16. Bf1 Rfd8 17. Be3 Qc7 18. Rac1 Nc8 19. f3 Qe7 20. Red1 c5 1/2-1/2

[Event "Tournoi du Cavalier 2010"]
[Site "Cap d'Agde"]
[Date "2010.10.26"]
[Round "4.4"]
[White "Hasbi, Nabil"]
[Black "Dacalor, Aurelie"]
[Result "1-0"]
[WhiteElo "1919"]
[BlackElo "1933"]
[PlyCount "105"]
[EventDate "2010.??.??"]

1. e4 d5 2. exd5 Qxd5 3. Nc3 Qd6 4. d4 Nf6 5. Nf3 a6 6. Be2 Bg4 7. Be3 e6 8.
Qd2 Nc6 9. O-O-O O-O-O 10. h3 Bxf3 11. Bxf3 Qd7 12. d5 Ne5 13. Qd4 Bd6 14. Qa7
Qe7 15. dxe6 c6 16. Bb6 Rdf8 17. Rxd6 Qxd6 18. Rd1 Qb8 19. e7 Qxa7 20. exf8=Q+
Rxf8 21. Bxa7 Nxf3 22. gxf3 Nd7 23. Be3 f5 24. Ne2 Nf6 25. c4 g6 26. Bg5 Nd7
27. Bf4 Re8 28. Nd4 c5 29. Nc2 b5 30. cxb5 axb5 31. Re1 Rxe1+ 32. Nxe1 Kb7 33.
Nd3 c4 34. Ne5 Nc5 35. Kc2 Ne6 36. Bd2 Kb6 37. Be3+ Kc7 38. Kc3 f4 39. Bd2 Kd6
40. Nf7+ Kc5 41. a3 Nd4 42. Ng5 h5 43. Ne4+ Kd5 44. Kb4 Nxf3 45. Nc3+ Ke5 46.
Nb1 g5 47. Bc3+ Ke6 48. Kxb5 g4 49. Nd2 Nxd2 50. Bxd2 Ke5 51. h4 Ke4 52. Bb4 g3
53. fxg3 1-0

[Event "Tournoi du Cavalier 2010"]
[Site "Cap d'Agde"]
[Date "2010.10.26"]
[Round "4.5"]
[White "Bach, Anatole"]
[Black "Vigneron, Quentin"]
[Result "1-0"]
[WhiteElo "1889"]
[BlackElo "1931"]
[PlyCount "65"]
[EventDate "2010.??.??"]

1. e4 c5 2. c3 Nf6 3. e5 Nd5 4. d4 cxd4 5. Nf3 e6 6. cxd4 b6 7. Bd3 Ba6 8. O-O
Be7 9. Nc3 Nxc3 10. bxc3 Qc7 11. Bxa6 Nxa6 12. Qd3 Qb7 13. Bg5 f6 14. exf6 gxf6
15. Be3 Kf7 16. Rfd1 Rag8 17. d5 Nc7 18. c4 Ne8 19. Rab1 Qa8 20. Kf1 h5 21. Qe4
e5 22. Qf5 d6 23. Qe6+ Kf8 24. Nh4 Nc7 25. Qd7 Qd8 26. Qxd8+ Bxd8 27. f3 Ke7
28. Rd3 Kd7 29. Ra3 b5 30. Rxa7 bxc4 31. Rc1 Ke8 32. Nf5 Nxd5 33. Nxd6+ 1-0

[Event "Tournoi du Cavalier 2010"]
[Site "Cap d'Agde"]
[Date "2010.10.27"]
[Round "5.1"]
[White "Leriche, Luc"]
[Black "Hasbi, Nabil"]
[Result "1/2-1/2"]
[WhiteElo "1971"]
[BlackElo "1919"]
[PlyCount "27"]
[EventDate "2010.??.??"]

1. e4 d5 2. exd5 Qxd5 3. Nc3 Qa5 4. Bc4 Nf6 5. d3 Bg4 6. f3 Bd7 7. Bd2 Qb6 8.
Qe2 e6 9. O-O-O Bc5 10. g4 h6 11. g5 hxg5 12. Bxg5 Bd4 13. Bb3 Na6 14. Ne4
1/2-1/2